000 00753nam a2200253Ia 4500
003 OSt
005 20220925205216.0
006 a|||||r|||| 00| 0
007 ta
008 220923b |||||||| |||| 00| 0 eng d
037 _cGeneral Book
040 _aRTL
_cRTL
_beng
041 _2eng
_aeng
082 _aX:972z7, K9
100 _aFlanders Allan Ed.
_9128464
245 0 _aCollective bargaining
_b Selected readings
260 _aHarmondsworth
_bPenguin Books
_c1969
300 _a431p. Bib. p 411-413
_ccm.
490 _aPenguin modern management readings
500 _aPenguin education X73
650 _aCollective Bargaining
942 _hX:972z7, K9
_cGB
_2CC
999 _c551511
_d551511